|
|
|
|
| LEADER |
01571nam a2200361 u 4500 |
| 001 |
10021239 |
| 003 |
upatras |
| 005 |
20250311063432.0 |
| 008 |
990407s1999 us eng |
| 020 |
|
|
|a 0130815330
|
| 040 |
|
|
|a GR-PaULI
|c GR-PaULI
|
| 041 |
0 |
|
|a eng
|
| 082 |
0 |
4 |
|a 570
|
| 100 |
1 |
|
|a Audesirk, Teresa
|9 116547
|
| 245 |
1 |
0 |
|a Biology
|b life on earth
|c Teresa Audesirk, Gerald Audesirk
|
| 250 |
|
|
|a 5th edition
|
| 260 |
|
|
|a Upper Saddle River, NJ
|b Prentice Hall
|c 1999
|
| 300 |
|
|
|a xxxv, 892 p.
|b fig.
|c 27 cm.
|e 1 CD
|
| 505 |
1 |
|
|a Includes answers to multiple choice questions, glossary and index
|
| 650 |
|
0 |
|a Βιολογία
|x Εξέλιξη
|9 1116
|
| 650 |
|
4 |
|a Βιολογία
|x Ζωή
|9 28087
|
| 650 |
|
4 |
|a Βιολογία
|x Ιστορία
|9 1117
|
| 650 |
|
0 |
|a Εξέλιξη (Βιολογία)
|9 2182
|
| 700 |
1 |
|
|a Audesirk, Gerald
|9 116548
|
| 852 |
|
|
|a GR-PaULI
|b ΠΑΤΡΑ
|t 1
|
| 852 |
|
|
|a GR-PaULI
|b ΠΑΤΡΑ
|b ΒΚΠ
|b ΒΣ1
|k ΑΣΧΞ
|h 570 A
|m 042225
|p 025000053751
|t 1
|
| 852 |
|
|
|a GR-PaULI
|b ΠΑΤΡΑ
|b ΒΚΠ
|b ΒΣ1
|k ΑΣΧΞ
|h 570 AUD
|m 042229
|p 025000053747
|t 2
|
| 942 |
|
|
|2 ddc
|
| 952 |
|
|
|0 0
|1 0
|4 0
|7 0
|9 182775
|d 2016-04-24
|l 0
|r 2016-04-24 00:00:00
|t 1
|w 2016-04-24
|
| 952 |
|
|
|0 0
|1 0
|4 0
|6 570_000000000000000_A
|7 0
|9 182776
|a LISP
|b LISP
|c BSC
|d 2016-04-24
|i 042225
|l 0
|o 570 A
|p 025000053751
|r 2016-04-24 00:00:00
|t 1
|w 2016-04-24
|y BK15
|
| 952 |
|
|
|0 0
|1 0
|4 0
|6 570_000000000000000_AUD
|7 0
|9 182777
|a LISP
|b LISP
|c BSC
|d 2016-04-24
|i 042229
|l 0
|o 570 AUD
|p 025000053747
|r 2016-04-24 00:00:00
|t 2
|w 2016-04-24
|y BK15
|
| 998 |
|
|
|c ΟΡΦΑΝΟΥ
|d 2010-03
|
| 999 |
|
|
|c 112824
|d 112824
|